000 00675nam a2200241Ia 4500
005 20260429111934.0
008 260429s9999||||xx |||||||||||||| ||und||
020 _a9789359785035
041 _aEnglish
082 _a372.86
_bRAJ
100 _aRajpoot, Yajuvendra Singh
245 0 _aPedagogy in physical education /
_cYajuvendra Singh Rajpoot
250 _a1st ed.
260 _aNew Delhi :
_bFriends Publications (India),
_c2025.
300 _a202 p.; hb
650 _a Pedagogy
650 _a Sports education
650 _a Teaching methods
650 _aPhysical education
700 _a Kauntaya, Dalveer Singh
700 _a Singh, Joseph
942 _cTB
999 _c51524
_d51524